Pouvez-vous nommer ces objets du quotidien ? - Statistiques

Statistiques générales
  • Ce quiz a été pris 253 fois
  • Le résultat moyen est 17 sur 20
Statistiques - réponses
Description Réponse % Correct
Je t’aide à nettoyer le sol en aspirant la poussière. Aspirateur
90%
Je sers à écrire et ma pointe peut être effacée. Crayon
90%
Je suis accroché au mur et je te donne l’heure. Horloge
90%
Je transporte tes affaires sur ton dos. Sac à dos
90%
Je suis toujours dans ta poche et te permets de communiquer avec le monde entier. Téléphone portable
90%
Je te permets d’ouvrir une porte, mais attention à ne pas me perdre ! Clé
89%
Je te permets de changer de chaîne sans te lever du canapé. Télécommande
89%
Je m’allume quand tu appuies sur un interrupteur. Ampoule
88%
J’ai deux lames et je te permets de couper du papier. Ciseaux
88%
Je te donne l’heure et je peux être portée au poignet. Montre
88%
Je suis un appareil que tu utilises chaque matin pour me brosser. Brosse à dents
87%
Je t’aide à mieux voir ou à te protéger du soleil. Lunettes
87%
Je suis moelleux et tu poses ta tête sur moi pour dormir. Oreiller
87%
Je te protège de la pluie quand il pleut. Parapluie
87%
Je suis un petit rectangle en plastique qui te permet de payer sans argent liquide. Carte bancaire
86%
Je protège tes pieds quand tu marches dehors. Chaussures
86%
Je te permets d’écouter de la musique sans déranger les autres. Écouteurs
85%
J’ai plusieurs dents et je t’aide à manger. Fourchette
80%
Je contiens souvent du café ou du thé et j’ai une anse. Tasse
78%
Je garde tes boissons chaudes ou froides et je peux être en métal ou en plastique. Bouteille d’eau
36%
Aucun quiz correspondant
Distribution des résultats
% des personnes avec chaque résultat
Percentile par nombre de réponses
Votre historique - résultats
Vous n’avez pas pris ce quiz